Normal view
MARC view
- الوادي،احمد صلاح /اعداد
Entry Personal Name
001 - CONTROL NUMBER
- control field: 12930
003 - CONTROL NUMBER IDENTIFIER
- control field: JO-AjAnu
005 - DATE AND TIME OF LATEST TRANSACTION
- control field: 20230606072354.0
008 - FIXED-LENGTH DATA ELEMENTS
- fixed length control field: 230606|| aca||aabn | a|a d
040 ## - CATALOGING SOURCE
- Original cataloging agency: JO-AjAnu
- Transcribing agency: JO-AjAnu
100 ## - HEADING--PERSONAL NAME
- Personal name: الوادي،احمد صلاح /اعداد
670 ## - SOURCE DATA FOUND
- Source citation: Work cat.: (JO-AjAnu)6654: الوادي،احمد صلاح /اعداد, author, الثقافة الدينية :اسئلة واجوبة، ج1